Konkrétne projekty, viditeľné výsledky spolupráca prihraničných regiónov Slovenska a maďarska má dobrú úroveň

Bibliographic Details
Format: Article
Language:Slovak
Subjects:

MARC

LEADER 00000nab a2200000 ar4500
001 vtls008962545
003 SK-MaSNL
005 20260303070726.0
008 070404c2007 xo sr|p|||||||000 b|slo
015 |a SNBRB2007/04  |2 snkbucl 
038 |a SNKBUCL 
040 |a SNKBUCL  |b slo  |c SNKBUCL  |e AACR2 
041 0 |a slo 
044 |a xo  |c SK 
080 |a 394.912  |x (437.6:439)  |2 2001 
080 |a 331.5  |x (437.6:439)  |2 2001 
080 |a 061.3  |2 2001 
245 0 0 |a Konkrétne projekty, viditeľné výsledky  |b spolupráca prihraničných regiónov Slovenska a maďarska má dobrú úroveň 
610 2 7 |a Medzivládna slovensko-maďarská zmiešaná komisia pre cezhraničnú spoluprácu  |2 snkbucl  |9 1046580 
648 7 |a 2007  |2 snkbucl  |9 313226 
650 0 7 |a zasadanie  |2 snkbucl  |9 280253 
773 0 |t Obecné noviny  |g Roč. XVII, č. 14 (2007), s. 14-15 
852 |a SNK  |b KIS3GCP 
999 |c 1756664  |d 1758594